000 01235nam a2200313 i 4500
001 bg
100 1 _aPOGORZELSKI, Jerzy A.
245 1 0 _aStan istniejący budynków wielkopłytowych /
_cJerzy A. Pogorzelski, Krzysztof Kasperkiewicz, Robert Geryło.
260 _aWarszawa :
_bITB,
_c2003.
300 _a49 s. :
_bil. ;
_c24 cm.
490 1 _aInstrukcje, Wytyczne, Poradniki / Instytut Techniki Budowlanej ;
_aBudynki Wielkopłytowe - Wymagania Podstawowe ;
_v383/2003
_vz. 11
490 1 _aBudynki Wielkopłytowe - Wymagania Podstawowe ;
_vz. 11
500 _aNa s. tyt. i okł. : Oszczędność energii i izolacyjność cieplna przegród.
504 _aBibliogr.
650 9 _aBudownictwo mieszkaniowe
_xenergochłonność
650 9 _aIzolacje cieplne
_xbudownictwo
650 9 _aWentylacja
_xbudownictwo
700 1 _aKASPERKIEWICZ, Krzysztof.
700 1 _aGERYŁO, Robert.
830 0 _aInstrukcje, Wytyczne, Poradniki - Instytut Techniki Budowlanej ;
_v383/2003
830 _aBudynki Wielkopłytowe - Wymagania Podstawowe ;
020 _a8373706399
040 _cBPK
041 0 _apol
080 _a697+699.8]::728.003
920 _a83-7370-639-9
942 _cKS
008 s pl f |000 0 pol
999 _c43034
_d43034
856 _uhttp://koha.tu.koszalin.pl/cgi-bin/koha/opac-detail.pl?biblionumber=43034
_yKatalog online BPK